Особенности решения проблем в области интернет- консалтинга с помощью прикладного системного анализа на примере компании "Happy healthy life"; Экономика и социум; № 4 (13), ч. 6
| Parent link: | Экономика и социум: научно-практический электронный журнал/ Институт управления и социально-экономического развития.— , 2011- № 4 (13), ч. 6.— 2014.— [С. 712-716] |
|---|---|
| Autor principal: | |
| Autor corporatiu: | |
| Altres autors: | |
| Sumari: | Заглавие с экрана Режим доступа: по договору с организацией-держателем ресурса |
| Idioma: | rus |
| Publicat: |
2014
|
| Matèries: | |
| Accés en línia: | http://elibrary.ru/item.asp?id=23422048 http://iupr.ru/domains_data/files/sborniki_jurnal/Zhurnal%20_4(13)%202014%206.pdf#page=712 |
| Format: | MixedMaterials Electrònic Capítol de llibre |
| KOHA link: | https://koha.lib.tpu.ru/cgi-bin/koha/opac-detail.pl?biblionumber=648107 |
MARC
| LEADER | 00000naa0a2200000 4500 | ||
|---|---|---|---|
| 001 | 648107 | ||
| 005 | 20250219141000.0 | ||
| 035 | |a (RuTPU)RU\TPU\network\13264 | ||
| 035 | |a RU\TPU\network\9321 | ||
| 090 | |a 648107 | ||
| 100 | |a 20160510d2014 k||y0rusy50 ca | ||
| 101 | 0 | |a rus | |
| 102 | |a RU | ||
| 135 | |a drcn ---uucaa | ||
| 181 | 0 | |a i | |
| 182 | 0 | |a b | |
| 200 | 1 | |a Особенности решения проблем в области интернет- консалтинга с помощью прикладного системного анализа на примере компании "Happy healthy life" |f К. А. Дрожжина, Я. Н. Лопухин | |
| 203 | |a Текст |c электронный | ||
| 300 | |a Заглавие с экрана | ||
| 333 | |a Режим доступа: по договору с организацией-держателем ресурса | ||
| 461 | |t Экономика и социум |o научно-практический электронный журнал |f Институт управления и социально-экономического развития |d 2011- | ||
| 463 | |t № 4 (13), ч. 6 |v [С. 712-716] |d 2014 | ||
| 610 | 1 | |a электронный ресурс | |
| 610 | 1 | |a труды учёных ТПУ | |
| 610 | 1 | |a Интернет | |
| 610 | 1 | |a фирмы | |
| 610 | 1 | |a аутсорсинг | |
| 610 | 1 | |a правильное питание | |
| 610 | 1 | |a социальные сети | |
| 700 | 1 | |a Дрожжина |b К. А. |g Ксения Андреевна | |
| 701 | 1 | |a Лопухин |b Я. Н. |c экономист |c старший преподаватель Томского политехнического университета |f 1977- |g Ярослав Николаевич |3 (RuTPU)RU\TPU\pers\33399 |9 17093 | |
| 712 | 0 | 2 | |a Национальный исследовательский Томский политехнический университет (ТПУ) |c (2009- ) |3 (RuTPU)RU\TPU\col\15902 |
| 801 | 2 | |a RU |b 63413507 |c 20160510 |g RCR | |
| 856 | 4 | 0 | |u http://elibrary.ru/item.asp?id=23422048 |
| 856 | 4 | 0 | |u http://iupr.ru/domains_data/files/sborniki_jurnal/Zhurnal%20_4(13)%202014%206.pdf#page=712 |
| 942 | |c CF | ||